MMF: Svetová ekonomika na vzostupe, najväčším rizikom americká konjunktúra
Vývoj svetovej ekonomiky podľa Svetového ekonomického výhľadu (World Economic Outlook - WEO). Medzinárodný menový fond (MMF) prognózuje expanziu globálnej ekonomiky v r. 1999. Prognózy vývoja priemyselných krajín, tranzitívnych ekonomík a rozvojových krajín.
Gespeichert in:
| 1. Verfasser: | |
|---|---|
| Format: | Buchkapitel |
| Sprache: | Slowakisch |
| Schlagworte: | |
| Tags: |
Keine Tags, Fügen Sie das erste Tag hinzu!
|
MARC
| LEADER | 00000naa a2200000 4500 | ||
|---|---|---|---|
| 001 | r036221 | ||
| 005 | 20230921103644.3 | ||
| 041 | 0 | |a slo | |
| 044 | |a SK | ||
| 245 | 1 | 0 | |a MMF: Svetová ekonomika na vzostupe, najväčším rizikom americká konjunktúra |c Juraj Janoška |
| 520 | |a Vývoj svetovej ekonomiky podľa Svetového ekonomického výhľadu (World Economic Outlook - WEO). Medzinárodný menový fond (MMF) prognózuje expanziu globálnej ekonomiky v r. 1999. Prognózy vývoja priemyselných krajín, tranzitívnych ekonomík a rozvojových krajín. | ||
| 610 | 2 | 0 | |a hospodárstvo svetové |
| 610 | 2 | 0 | |a vývoj hospodársky |
| 610 | 2 | 0 | |a prognózy |
| 610 | 2 | 0 | |a krajiny vyspelé |
| 610 | 2 | 0 | |a krajiny rozvojové |
| 610 | 2 | 0 | |a SVE |
| 610 | 2 | 0 | |a USA |
| 610 | 2 | 0 | |a Medzinárodný menový fond |
| 100 | 1 | |a Janoška, Juraj | |